ARRUPE JESUIT UNIVERSITY

CORONAVIRUS -STOP THE SPREAD - CLEAN,DISINFECT,COVER

Africa and international relations in the 21st century / (Record no. 123977)

MARC details
000 -LEADER
fixed length control field 01274cam a2200349Ma 4500
001 - CONTROL NUMBER
control field 9171964
005 - DATE AND TIME OF LATEST TRANSACTION
control field 20160120145708.0
008 - FIXED-LENGTH DATA ELEMENTS--GENERAL INFORMATION
fixed length control field 110705s2012 enka b 001 0 eng d
020 ## - INTERNATIONAL STANDARD BOOK NUMBER
International Standard Book Number 9781137501301
035 ## - SYSTEM CONTROL NUMBER
System control number (OCoLC)ocn760285247
035 ## - SYSTEM CONTROL NUMBER
System control number (OCoLC)760285247
035 ## - SYSTEM CONTROL NUMBER
System control number (NNC)9171964
040 ## - CATALOGING SOURCE
Original cataloging agency NLE
Transcribing agency NLE
Modifying agency NhCcYBP
050 #4 - LIBRARY OF CONGRESS CALL NUMBER
Classification number JZ1773
Item number .A916 2015
082 04 - DEWEY DECIMAL CLASSIFICATION NUMBER
Classification number 327.6
Edition number 22
100 ## - MAIN ENTRY--PERSONAL NAME
Personal name Cornelissen, Scarlett
9 (RLIN) 21633
245 00 - TITLE STATEMENT
Title Africa and international relations in the 21st century /
Statement of responsibility, etc edited by Scarlett Cornelissen, Fantu Cheru and Timothy M. Shaw.
246 3# - VARYING FORM OF TITLE
Title proper/short title Africa and international relations in the twenty first century
260 ## - PUBLICATION, DISTRIBUTION, ETC. (IMPRINT)
Place of publication, distribution, etc Basingstoke ;
-- New York :
Name of publisher, distributor, etc Palgrave Macmillan,
Date of publication, distribution, etc 2015.
300 ## - PHYSICAL DESCRIPTION
Extent xvii, 248 p. :
Other physical details ill. ;
Dimensions 23 cm.
490 1# - SERIES STATEMENT
Series statement International political economy series
504 ## - BIBLIOGRAPHY, ETC. NOTE
Bibliography, etc Includes bibliographical references and index.
651 #0 - SUBJECT ADDED ENTRY--GEOGRAPHIC NAME
Geographic name Africa
General subdivision Foreign relations
Chronological subdivision 1960-
9 (RLIN) 21634
700 1# - ADDED ENTRY--PERSONAL NAME
Personal name Cornelissen, Scarlett.
9 (RLIN) 21633
700 0# - ADDED ENTRY--PERSONAL NAME
Personal name Fantu Cheru,
Dates associated with a name 1949-
9 (RLIN) 21635
700 1# - ADDED ENTRY--PERSONAL NAME
Personal name Shaw, Timothy M.
9 (RLIN) 21636
830 #0 - SERIES ADDED ENTRY--UNIFORM TITLE
Uniform title International political economy series (Palgrave Macmillan (Firm))
9 (RLIN) 21637
942 ## - ADDED ENTRY ELEMENTS (KOHA)
Source of classification or shelving scheme Library of Congress Classification
Item type Monograph ( Printed materials)
948 1# - LOCAL PROCESSING INFORMATION (OCLC); SERIES PART DESIGNATOR (RLIN)
Series part designator, SPT (RLIN) 20111229
b (OCLC) c
c (OCLC) ybp22
d (OCLC) MPS
949 ## - LOCAL PROCESSING INFORMATION (OCLC)
i 0071557547
Holdings
Withdrawn status Lost status Source of classification or shelving scheme Damaged status Not for loan Collection code Home library Current library Shelving location Date acquired Total Checkouts Full call number Barcode Date last seen Price effective from Koha item type
    Library of Congress Classification     Main Collection ARRUPE LIBRARY ARRUPE LIBRARY Main Collection 20/01/2016   JZ1773.A916 2015 46500005988 26/06/2018 20/01/2016 Monograph ( Printed materials)

 

Arrupe Library. PO Box MP320 Mt Pleasant, Harare, Zimbabwe
263 242 745411|librarian@aju.ac.zw